Trabajadoras domésticas nicaragüenses en Costa Rica: memorias de investigación /
La autora presenta un ensayo resultado de un proceso de revisión bibliográfica, lectura y reflexión en torno a la situación de las trabajadoras domésticas nicaragüenses que viven en Costa Rica. Este documento se constituye en un ejercicio de recuperación de producciones locales en torno a la temátic...
Salvato in:
| Autore principale: | |
|---|---|
| Ente Autore: | |
| Natura: | testo |
| Pubblicazione: |
San José:
Asociación Centro Feminista de Información y Acción
|
| Soggetti: | |
| Tags: |
Aggiungi Tag
Nessun Tag, puoi essere il primo ad aggiungerne!!
|
MARC
| LEADER | 00000 a a2200000 04500 | ||
|---|---|---|---|
| 001 | 37535 | ||
| 003 | |||
| 040 | |||
| 020 | |a 978-9968-857-17-6 | ||
| 022 | |a 978-9968-857-17-6 | ||
| 090 | |a 1007 L621t | ||
| 100 | |a Lerussi, Romina C. | ||
| 110 | |a CEFEMINA | ||
| 245 | |a Trabajadoras domésticas nicaragüenses en Costa Rica: memorias de investigación / |c Romina C. Lerussi | ||
| 260 | |a San José: |b Asociación Centro Feminista de Información y Acción | ||
| 300 | |a 74 páginas | ||
| 520 | |a La autora presenta un ensayo resultado de un proceso de revisión bibliográfica, lectura y reflexión en torno a la situación de las trabajadoras domésticas nicaragüenses que viven en Costa Rica. Este documento se constituye en un ejercicio de recuperación de producciones locales en torno a la temática a la luz de ciertas claves de interpretación, interrogación y sospecha generadas desde el feminismo en el campo de la economía y los estudios de las migraciones de las mujeres. Sin embargo, ésta es una primera y exploratoria instancia de trabajo en el marco de un proceso de producción teórica a mediano y largo plazo. La intención es poder hacer un pequeño aporte en este sentido teniendo en cuenta que detrás de éstas preguntas, palabras y discursos hay miles de mujeres, en este caso nicaragüense, que día a día "resuelven" las llamadas necesidades domésticas de muchos "hogares" costarricenses | ||
| 650 | |a MIGRACION | ||
| 650 | |a MUJERES | ||
| 650 | |a TRABAJADORAS DOMESTICAS | ||
| 650 | |a NICARAGÜENSES | ||
| 650 | |a COSTA RICA | ||
| 999 | |c 2309 |d 2309 | ||
